Noches blancas / (Registro nro. 60209)

Detalles MARC
000 -CABECERA
Longitud fija campo de control 00721nam a2200265 a 4500
003 - • IDENTIFICADOR DELl NÚMERO DE CONTROL
Identificador del número de control CO-BoRNBP
005 - • FECHA Y HORA DE LA ÚLTIMA TRANSACCIÓN
Fecha y hora de la última transacción 20251215150923.0
007 - • CAMPO FIJO DE DESCRIPCIÓN FÍSICA
Campo fijo de descripción física ta
008 - • CÓDIGOS DE INFORMACIÓN DE LONGITUD FIJA
Códigos de información de longitud fija 990326s1999 ck gr 000 j spa
020 ## - • NÚMERO INTERNACIONAL NORMALIZADO PARA LIBROS
Número Internacional Normalizado para Libros (ISBN) 9582000147 (colección)
020 ## - • NÚMERO INTERNACIONAL NORMALIZADO PARA LIBROS
Número Internacional Normalizado para Libros (ISBN) 9582004622
040 ## - FUENTE DE LA CATALOGACIÓN
Centro catalogador de origen CO-BoBN
Lengua de catalogación spa
Centro transcriptor CO-BoBN
082 04 - • NÚMERO DE LA CLASIFICACIÓN DECIMAL DEWEY
Número de clasificación (R) 891.73
Número de edición 20
084 ## - • Clasificación Local Alfanúmerica PNLB
Número de clasificación C DOS
100 1# - • PUNTO DE ACCESO PRINCIPAL-NOMBRE DE PERSONA
Nombre de persona Dostoievski, Fedor Mijailovich,
Fechas asociadas al nombre 1821-1881
245 10 - • TITULO PROPIAMENTE DICHO
Título Noches blancas /
Mención de responsabilidad, etc. Fedor Dostoievski
250 ## - • MENCIÓN DE EDICIÓN
Mención de edición 1a. ed.
300 ## - • DESCRIPCIÓN FÍSICA
Extensión 118 p. ;
Dimensiones 20 cm
336 ## - TIPO DE CONTENIDO
Fuente rdacontent
Término de tipo de contenido texto
Código de tipo de contenido txt
337 ## - TIPO DE MEDIO
Fuente rdamedia
Nombre del tipo de medio sin mediación
Código del tipo de medio n
338 ## - TIPO DE SOPORTE
Fuente rdacarrier
Nombre del tipo de soporte volumen
Código del tipo de soporte nc
650 14 - • PUNTO DE ACCESO ADICIONAL DE MATERIA - TÉRMINO DE MATERIA
Término de materia o nombre geográfico como elemento inicial Cuentos rusos
Subdivisión cronológica Siglo XIX
Fuente del encabezamiento o término LEMB
942 ## - ENTRADA DE ELEMENTOS AGREGADOS (KOHA)
Fuente de clasificaión o esquema Dewey Decimal Classification
Koha [por defecto] tipo de item LIbro
Existencias
Perdido Fuente de clasificación o esquema Estado Físico No para préstamo Forma de adquisición Localización permanente Localización actual Localización en estanterías Fecha adquisición Fuente de adquisición Préstamos totales Signatura completa Código de barras Fecha última consulta Número de copia Fecha del precio de reemplazo Tipo de item de Koha
  Clasificación Local Facetada     Literatura General Biblioteca Pública San Juanito - Ernesto Maria Peña Romero Biblioteca Pública San Juanito - Ernesto Maria Peña Romero Literatura 12/15/2025 Donación CLCP   C DOS1 SJU02420 12/15/2025 Ej.1 12/15/2025 Libro Literatura









Instituto Departamental de Cultura del Meta - Red Departamental de Bibliotecas Públicas del Meta.